[Event "4NCL Division Four"]
[Site "Warwick, ENG"]
[Date "2024.03.10"]
[Round "8.86"]
[White "Haridas, Navieinaah"]
[Black "Moss, Stephen"]
[Result "1/2-1/2"]
[WhiteElo "1186"]
[BlackElo "1767"]
[PlyCount "86"]
[EventDate "2024.03.10"]
[WhiteTeam "She Plays To Win Uni"]
[BlackTeam "CSC/Kingston 3"]

1. e4 d5 2. exd5 Nf6 3. Nf3 Nxd5 4. Bc4 c6 5. a4 Bg4 6. d4 e6 7. O-O Be7 8. c3
O-O 9. Re1 Nd7 10. Bd3 N7f6 11. Nbd2 Nf4 12. Bb1 Qc7 13. Ne4 Ng6 14. Qd3 Bf5
15. Qe2 Nxe4 16. Bxe4 Bxe4 17. Qxe4 Rad8 18. Ne5 Nxe5 19. dxe5 Rd5 20. c4 Rd7
21. Qg4 Rfd8 22. Bh6 Bf8 23. Bg5 Re8 24. Re3 g6 25. Bf6 Bg7 26. Qh4 Qa5 27. Rh3
h5 28. g4 Bxf6 29. exf6 Rd4 30. f3 Red8 31. Qg3 Rd1+ 32. Rxd1 Rxd1+ 33. Kg2
Qd2+ 34. Qf2 hxg4 35. fxg4 Qxf2+ 36. Kxf2 Rd2+ 37. Ke1 Rd4 38. b3 Rf4 39. Rd3
Rxg4 40. Rd8+ Kh7 41. Rd7 Kg8 42. Rd8+ Kh7 43. Rd7 Kg8 1/2-1/2

[Event "4NCL Division Four"]
[Site "Warwick, ENG"]
[Date "2024.03.10"]
[Round "8.91"]
[White "Mulleady, Peter J"]
[Black "MacLeod, Alasdair"]
[Result "1-0"]
[WhiteElo "1960"]
[BlackElo "1847"]
[PlyCount "51"]
[EventDate "2024.03.10"]
[WhiteTeam "Apprentice Woodpushers"]
[BlackTeam "English Deaf Chess Association"]

1. e4 c5 2. Nc3 Nc6 3. Bb5 d6 4. Bxc6+ bxc6 5. d3 Rb8 6. f4 g6 7. Nf3 Bg7 8.
O-O e6 9. Qe1 Ne7 10. Na4 Rb4 11. Nc3 O-O 12. b3 Qa5 13. Bd2 Qa3 14. Rb1 Rb8
15. Qh4 f6 16. Bc1 Qa5 17. Na4 Qc7 18. Ba3 e5 19. fxe5 fxe5 20. Bc1 Bf6 21. Bg5
Bxg5 22. Nxg5 h5 23. Rxf8+ Kxf8 24. Qf2+ Nf5 25. exf5 Bxf5 26. Qxf5+ 1-0

[Event "4NCL Division Four"]
[Site "Warwick, ENG"]
[Date "2024.03.10"]
[Round "8.92"]
[White "Ajimal, Jet"]
[Black "Sanada, Tetsuaki"]
[Result "0-1"]
[WhiteElo "1684"]
[BlackElo "1849"]
[PlyCount "60"]
[EventDate "2024.03.10"]
[WhiteTeam "English Deaf Chess Association"]
[BlackTeam "Apprentice Woodpushers"]

1. e4 c5 2. Nf3 Nc6 3. d4 cxd4 4. Nxd4 e6 5. Nc3 Qc7 6. Be3 a6 7. a3 Nf6 8. Be2
Be7 9. O-O O-O 10. Qd2 b5 11. Nxc6 dxc6 12. Rad1 Bb7 13. Bf4 Qb6 14. Be3 c5 15.
f3 Rfd8 16. Qc1 Qc7 17. Rxd8+ Rxd8 18. Rd1 Bd6 19. h3 h6 20. Rd2 Bh2+ 21. Kf1
Rxd2 22. Qxd2 Nh5 23. Bf2 Be5 24. Nd1 Ng3+ 25. Kg1 f5 26. exf5 Nxf5 27. c4 Nd4
28. Bxd4 Bxd4+ 29. Kh1 Qg3 30. Ne3 Qf2 0-1

[Event "4NCL Division Four"]
[Site "Warwick, ENG"]
[Date "2024.03.10"]
[Round "8.93"]
[White "Rughani, Mahin"]
[Black "Williamson, Chris"]
[Result "1-0"]
[WhiteElo "1654"]
[BlackElo "1412"]
[PlyCount "91"]
[EventDate "2024.03.10"]
[WhiteTeam "Apprentice Woodpushers"]
[BlackTeam "English Deaf Chess Association"]

1. d4 d5 2. Bf4 Nc6 3. e3 Nf6 4. Nf3 b6 5. Bb5 Bd7 6. c3 a6 7. Bd3 b5 8. Ne5 g6
9. Qf3 Bg7 10. Nd2 Qc8 11. h3 Nd8 12. g4 c6 13. g5 Nh5 14. Nxd7 Qxd7 15. Bh2
Ne6 16. h4 c5 17. Rd1 c4 18. Bc2 a5 19. e4 Rd8 20. exd5 Nc7 21. Bxc7 Qxc7 22.
a4 b4 23. Qe2 b3 24. Bb1 Rc8 25. Ne4 O-O 26. Nc5 e6 27. dxe6 Nf4 28. Qg4 f5 29.
gxf6 Rxf6 30. O-O Nh5 31. e7 Re8 32. Qd7 Rxe7 33. Qxc7 Rxc7 34. Be4 Nf4 35.
Rde1 Nh3+ 36. Kh2 Nxf2 37. Bd5+ Kh8 38. Re8+ Bf8 39. Kg2 Ng4 40. Rxf6 Ne3+ 41.
Kf3 Rxc5 42. Rexf8+ Kg7 43. R6f7+ Kh6 44. Rh8 g5 45. Rhxh7+ Kg6 46. h5# 1-0

[Event "4NCL Division Four"]
[Site "Warwick, ENG"]
[Date "2024.03.10"]
[Round "8.94"]
[White "Paull, James"]
[Black "Gawne, Martin"]
[Result "0-1"]
[WhiteElo "1403"]
[BlackElo "1735"]
[PlyCount "44"]
[EventDate "2024.03.10"]
[WhiteTeam "English Deaf Chess Association"]
[BlackTeam "Apprentice Woodpushers"]

1. e4 g6 2. Nf3 Bg7 3. d4 d6 4. Bc4 Nf6 5. Nc3 O-O 6. h3 Nxe4 7. Bxf7+ Rxf7 8.
Nxe4 h6 9. Be3 b5 10. c3 Bb7 11. Qd3 Qe8 12. h4 a6 13. Nh2 Qd7 14. f3 Qe6 15.
O-O Nd7 16. Nf2 Qf6 17. Nfg4 Qxh4 18. Bxh6 Bxh6 19. Qxg6+ Bg7 20. Qe6 Nf6 21.
Ne3 Bc8 22. Nf5 Qxh2+ 0-1

[Event "4NCL Division Four"]
[Site "Warwick, ENG"]
[Date "2024.03.10"]
[Round "8.95"]
[White "Eccleston, Rowan"]
[Black "Simmons, Michael W"]
[Result "1-0"]
[WhiteElo "1409"]
[BlackElo "1064"]
[PlyCount "61"]
[EventDate "2024.03.10"]
[WhiteTeam "Apprentice Woodpushers"]
[BlackTeam "English Deaf Chess Association"]

1. f4 Nf6 2. Nf3 d6 3. e3 g6 4. Nc3 a6 5. h3 Bg7 6. d4 O-O 7. Bd3 Nbd7 8. O-O
c5 9. f5 Qc7 10. fxg6 fxg6 11. Ng5 Nb6 12. a4 a5 13. dxc5 dxc5 14. Qe2 Qg3 15.
Bc4+ Nxc4 16. Qxc4+ e6 17. Nxe6 Bxe6 18. Qxe6+ Rf7 19. Ne4 Qc7 20. Nxf6+ Bxf6
21. Rxf6 Raf8 22. Rxf7 Qxf7 23. Qxf7+ Rxf7 24. Bd2 b6 25. Rf1 Rd7 26. Bc3 Re7
27. Kf2 Rf7+ 28. Ke2 Rd7 29. Rf6 Rb7 30. e4 Kg7 31. Rxb6+ 1-0

[Event "4NCL Division Four"]
[Site "Warwick, ENG"]
[Date "2024.03.10"]
[Round "8.96"]
[White "Masterson, Desmond"]
[Black "Kilmartin, David"]
[Result "0-1"]
[WhiteElo "1100"]
[BlackElo "1202"]
[PlyCount "68"]
[EventDate "2024.03.10"]
[WhiteTeam "English Deaf Chess Association"]
[BlackTeam "Apprentice Woodpushers"]

1. e4 c5 2. Nf3 d6 3. d4 cxd4 4. Nxd4 Nf6 5. Nc3 g6 6. Be3 Bg7 7. Qd2 O-O 8.
Bh6 Nc6 9. Bxg7 Kxg7 10. Rd1 d5 11. Nxc6 bxc6 12. exd5 Qc7 13. dxc6 Qxc6 14.
Qd4 Bb7 15. f3 Kg8 16. Bd3 Qe6+ 17. Kd2 Rfd8 18. Qe3 Qc6 19. Qxe7 Rd6 20. Qe3
Ng4 21. fxg4 Qxg2+ 22. Ke1 Qxh1+ 23. Kd2 Qxh2+ 24. Kc1 Re6 25. Qd2 Qxd2+ 26.
Rxd2 Re1+ 27. Rd1 Rxd1+ 28. Kxd1 Bf3+ 29. Kd2 Bxg4 30. Nd5 Kg7 31. c4 Be6 32.
Nc3 Rb8 33. Kc2 g5 34. c5 g4 {Remaining moves illegible} 0-1

[Event "4NCL Division Four"]
[Site "Warwick, ENG"]
[Date "2024.03.10"]
[Round "8.101"]
[White "Morrison, Munroe L"]
[Black "Robinson, James"]
[Result "1/2-1/2"]
[WhiteElo "1686"]
[BlackElo "1850"]
[PlyCount "23"]
[EventDate "2024.03.10"]
[WhiteTeam "War and Piece B"]
[BlackTeam "Barnet Knights C"]

1. e4 d6 2. d4 g6 3. Bd3 e5 4. dxe5 dxe5 5. Nf3 Bg7 6. O-O Ne7 7. Qe2 O-O 8. h3
h6 9. Nbd2 Be6 10. Bc4 Qc8 11. Bxe6 Qxe6 12. Qc4 1/2-1/2

[Event "4NCL Division Four"]
[Site "Warwick, ENG"]
[Date "2024.03.10"]
[Round "8.102"]
[White "Bloom, Paul"]
[Black "Chapman, Chas"]
[Result "1-0"]
[WhiteElo "1740"]
[BlackElo "1549"]
[PlyCount "31"]
[EventDate "2024.03.10"]
[WhiteTeam "Barnet Knights C"]
[BlackTeam "War and Piece B"]

1. e4 c5 2. Be2 d6 3. f4 g6 4. Nf3 Bg7 5. c3 Nf6 6. d3 O-O 7. O-O b5 8. Qe1 a6
9. Qh4 e6 10. Be3 Nfd7 11. Qh3 e5 12. f5 Nf6 13. g4 Kh8 14. Qh4 Ng8 15. Ng5 h6
16. Nxf7+ 1-0

[Event "4NCL Division Four"]
[Site "Warwick, ENG"]
[Date "2024.03.10"]
[Round "8.103"]
[White "Collins, Nigel"]
[Black "Michener, Max"]
[Result "0-1"]
[WhiteElo "1504"]
[BlackElo "1544"]
[PlyCount "60"]
[EventDate "2024.03.10"]
[WhiteTeam "War and Piece B"]
[BlackTeam "Barnet Knights C"]

1. c4 f5 2. Nc3 Nf6 3. g3 e6 4. Bg2 g6 5. d3 Bg7 6. e4 fxe4 7. dxe4 d6 8. Nge2
Nc6 9. O-O O-O 10. h3 e5 11. Be3 Be6 12. b3 Qd7 13. Kh2 h6 14. Qd2 Kh7 15. Rac1
Ne7 16. Ng1 g5 17. f4 exf4 18. gxf4 gxf4 19. Bxf4 Ng6 20. Bg3 Nh5 21. Nf3 Nxg3
22. Kxg3 Ne5 23. Ne2 Nxf3 24. Rxf3 Rxf3+ 25. Bxf3 Be5+ 26. Kf2 Bxh3 27. Nf4 Rf8
28. Nxh3 Qxh3 29. Qd3 Qh2+ 30. Kf1 Qh1+ 0-1

[Event "4NCL Division Four"]
[Site "Warwick, ENG"]
[Date "2024.03.10"]
[Round "8.104"]
[White "Horwood, Alexander"]
[Black "Rogers, Jonathan"]
[Result "1-0"]
[WhiteElo "1503"]
[BlackElo "1400"]
[PlyCount "123"]
[EventDate "2024.03.10"]
[WhiteTeam "Barnet Knights C"]
[BlackTeam "War and Piece B"]

1. e4 c5 2. c3 d6 3. d4 cxd4 4. cxd4 e5 5. dxe5 Qa5+ 6. Nc3 dxe5 7. Qd5 Bb4 8.
Bb5+ Bd7 9. Qxe5+ Ne7 10. Bxd7+ Nxd7 11. Qxa5 Bxa5 12. Bd2 O-O 13. Nf3 Rfe8 14.
O-O Rac8 15. Rfe1 Bb6 16. Be3 Nc5 17. Nb5 Rcd8 18. Rad1 Nxe4 19. Bxb6 axb6 20.
Rxd8 Rxd8 21. Rxe4 Rd1+ 22. Re1 Rxe1+ 23. Nxe1 Ng6 24. Nf3 Nf4 25. Kf1 Nd3 26.
b3 Nc5 27. Ke2 f5 28. Nfd4 g6 29. b4 Ne4 30. f3 Nf6 31. Nd6 Nd5 32. a3 Nc3+ 33.
Kd3 Nd5 34. g3 f4 35. g4 h5 36. gxh5 gxh5 37. Nxb7 Kg7 38. Kc4 Ne3+ 39. Kb5 Kg6
40. a4 Kg5 41. a5 bxa5 42. bxa5 Nd5 43. Kc6 Nb4+ 44. Kb5 Nd5 45. a6 Nc7+ 46.
Kb6 Nxa6 47. Kxa6 Kh4 48. Ne6 Kh3 49. Nxf4+ Kh4 50. Nd6 Kg5 51. Nxh5 Kxh5 52.
Nf5 Kg5 53. Ng3 Kf4 54. h4 Ke5 55. h5 Kf6 56. Kb6 Kg7 57. Kc6 Kf6 58. Kd6 Kg5
59. Ke5 Kh6 60. f4 Kg7 61. Ke6 Kh6 62. f5 1-0

[Event "4NCL Division Four"]
[Site "Warwick, ENG"]
[Date "2024.03.10"]
[Round "8.105"]
[White "Bradley, Eric"]
[Black "Lee, Xander"]
[Result "0-1"]
[WhiteElo "1397"]
[BlackElo "1365"]
[PlyCount "80"]
[EventDate "2024.03.10"]
[WhiteTeam "War and Piece B"]
[BlackTeam "Barnet Knights C"]

1. b3 e5 2. Bb2 Nc6 3. e4 Bc5 4. Nf3 d6 5. Bb5 Bd7 6. O-O Qf6 7. Nc3 Qg6 8. Nh4
Qg5 9. Nf5 Bxf5 10. exf5 Qxf5 11. Nd5 O-O-O 12. Bd3 Qe6 13. Bc4 Qg6 14. c3 Nf6
15. d4 Nxd5 16. Bxd5 exd4 17. cxd4 Bb6 18. Bxc6 bxc6 19. a4 a5 20. Qd2 d5 21.
b4 axb4 22. a5 Ba7 23. Qxb4 Kd7 24. Rfe1 Qd6 25. Qb7 Ra8 26. Ba3 c5 27. Qb5+
Qc6 28. Qxc6+ Kxc6 29. Rac1 c4 30. Bb2 Rhe8 31. Kf1 Kd6 32. Ba3+ c5 33. Rxe8
Rxe8 34. Rb1 Kc6 35. f4 cxd4 36. Bb2 c3 37. Ba1 g6 38. Re1 c2 39. Bb2 Rb8 40.
Re7 Rxb2 0-1

[Event "4NCL Division Four"]
[Site "Warwick, ENG"]
[Date "2024.03.10"]
[Round "8.106"]
[White "Wen, Liana"]
[Black "Duxbury, Daniel"]
[Result "1-0"]
[WhiteElo "1116"]
[BlackElo "1300"]
[PlyCount "37"]
[EventDate "2024.03.10"]
[WhiteTeam "Barnet Knights C"]
[BlackTeam "War and Piece B"]

1. e4 g6 2. d4 Nf6 3. Nc3 Bg7 4. Nf3 d6 5. Be3 O-O 6. Bc4 Bg4 7. h3 Bxf3 8.
Qxf3 c6 9. O-O b5 10. Bd3 Qc7 11. d5 c5 12. Nxb5 Qd7 13. e5 Ne8 14. e6 fxe6 15.
dxe6 Rxf3 16. exd7 Nxd7 17. Be4 Rb8 18. Bxf3 Rxb5 19. Bc6 1-0

[Event "4NCL Division Four"]
[Site "Warwick, ENG"]
[Date "2024.03.10"]
[Round "8.111"]
[White "Mouskos, John"]
[Black "Hibbitt, Arthur"]
[Result "0-1"]
[WhiteElo "1408"]
[BlackElo "1698"]
[PlyCount "118"]
[EventDate "2024.03.10"]
[WhiteTeam "She Plays To Win Young Stars B"]
[BlackTeam "Oxford 4"]

1. e4 g6 2. Nf3 Bg7 3. Bc4 e6 4. d4 d6 5. O-O Nd7 6. Be3 Ne7 7. Nc3 b6 8. Qd2
h6 9. Rad1 Bb7 10. a3 a6 11. Rfe1 b5 12. Bb3 Nb6 13. Qe2 g5 14. Ba2 Ng6 15. Qd2
Qe7 16. Qd3 Rd8 17. Ne2 g4 18. Nd2 h5 19. Nf4 Nxf4 20. Bxf4 Qf6 21. Qe3 Qxd4
22. Qxd4 Bxd4 23. c3 Bf6 24. e5 dxe5 25. Bxe5 Bxe5 26. Rxe5 Ke7 27. Ree1 Rd7
28. Nb3 Rxd1 29. Rxd1 Bd5 30. Nc1 Bxa2 31. Nxa2 Nc4 32. Rb1 Rd8 33. Nb4 Rd6 34.
Nc2 Nxb2 35. Ne3 Na4 36. Re1 Kf6 37. c4 c6 38. f3 gxf3 39. gxf3 Rd3 40. cxb5
axb5 41. Nc2 c5 42. Re3 Rxe3 43. Nxe3 c4 44. Kf2 Nc3 45. Ke1 Ke5 46. Nc2 Kf4
47. Kf2 e5 48. Ne3 e4 49. Ng2+ Ke5 50. f4+ Kf5 51. Ke3 Nd5+ 52. Kd4 Nxf4 53.
Ne3+ Ke6 54. Kxe4 Ne2 55. Nc2 f5+ 56. Ke3 Nc3 57. Kd2 Ne4+ 58. Ke3 Ke5 59. Nd4
f4+ 0-1

[Event "4NCL Division Four"]
[Site "Warwick, ENG"]
[Date "2024.03.10"]
[Round "8.112"]
[White "Tringali, Alessandro"]
[Black "Scott, Jane"]
[Result "1-0"]
[WhiteElo "1594"]
[BlackElo "1307"]
[PlyCount "75"]
[EventDate "2024.03.10"]
[WhiteTeam "Oxford 4"]
[BlackTeam "She Plays To Win Young Stars B"]

1. e4 e5 2. Nf3 Nc6 3. Nc3 Nf6 4. Bb5 Nd4 5. Bd3 c6 6. O-O d5 7. Re1 dxe4 8.
Nxe4 Bg4 9. Nxf6+ Qxf6 10. Be2 Bxf3 11. Bxf3 O-O-O 12. Bg4+ Kb8 13. c3 Nb5 14.
Qe2 Bd6 15. a4 Nc7 16. b4 e4 17. b5 c5 18. g3 h5 19. Bh3 h4 20. Bg2 hxg3 21.
fxg3 Qh6 22. Bxe4 f5 23. d4 Qh3 24. Bf3 Rde8 25. Be3 f4 26. Bg4 Qh7 27. gxf4
Bxf4 28. Bxf4 Rxe2 29. Rxe2 g5 30. Bg3 Qf7 31. Rae1 Ka8 32. Bxc7 Rf8 33. Bg3
cxd4 34. cxd4 b6 35. Re8+ Rxe8 36. Rxe8+ Qxe8 37. Bf3+ Qe4 38. Bxe4# 1-0

[Event "4NCL Division Four"]
[Site "Warwick, ENG"]
[Date "2024.03.10"]
[Round "8.113"]
[White "Sengupta, Sohana"]
[Black "Beckett, Richard"]
[Result "0-1"]
[WhiteElo "1268"]
[BlackElo "1661"]
[PlyCount "92"]
[EventDate "2024.03.10"]
[WhiteTeam "She Plays To Win Young Stars B"]
[BlackTeam "Oxford 4"]

1. e4 c5 2. Nf3 d6 3. d4 cxd4 4. Nxd4 Nf6 5. Nc3 a6 6. Be2 e5 7. Nb3 Be6 8. O-O
Be7 9. Be3 O-O 10. f4 Qc7 11. f5 Bc4 12. Bxc4 Qxc4 13. Qf3 Nbd7 14. g4 d5 15.
exd5 Nxg4 16. Kh1 Ndf6 17. Rad1 Bd6 18. Rg1 Nxh2 19. Qg3 Nhg4 20. Nd2 Qc7 21.
Nde4 g6 22. Bg5 Nxe4 23. Nxe4 h5 24. Nf6+ Nxf6 25. Bxf6 Qxc2 26. fxg6 Qe4+ 27.
Rg2 fxg6 28. Qg5 Rf7 29. Qxg6+ Qxg6 30. Rxg6+ Kh7 31. Rdg1 b5 32. Bh4 Bc5 33.
Kh2 Bxg1+ 34. Rxg1 e4 35. d6 Rd7 36. Be7 Rc8 37. Rg5 Rc2+ 38. Kg3 Rxb2 39.
Rxh5+ Kg6 40. Rg5+ Kf7 41. Rf5+ Ke6 42. Rf4 Rxa2 43. Rxe4+ Kd5 44. Kf3 Ra3+ 45.
Kf4 Ra4 46. Rxa4 bxa4 0-1

[Event "4NCL Division Four"]
[Site "Warwick, ENG"]
[Date "2024.03.10"]
[Round "8.114"]
[White "Rumsby, Stephen"]
[Black "Eccleston, Bryony"]
[Result "1/2-1/2"]
[WhiteElo "1538"]
[BlackElo "1269"]
[PlyCount "88"]
[EventDate "2024.03.10"]
[WhiteTeam "Oxford 4"]
[BlackTeam "She Plays To Win Young Stars B"]

1. e4 e5 2. Nf3 Nc6 3. Bb5 a6 4. Ba4 Nf6 5. d3 b5 6. Bb3 Bc5 7. O-O d6 8. h3 h6
9. Nc3 Bb7 10. Ne2 Na5 11. Ng3 Ba7 12. Nf5 Nh5 13. Nh2 g6 14. Nxh6 Nxb3 15.
axb3 Bc8 16. Qf3 Qf6 17. Qxf6 Nxf6 18. Be3 Bxe3 19. fxe3 Ke7 20. N6g4 Bxg4 21.
Nxg4 Nxg4 22. hxg4 Rh4 23. g5 Rh5 24. Rf3 Rxg5 25. Raf1 Rf8 26. c4 b4 27. Ra1
Ra8 28. Ra4 c5 29. Rf1 Rh5 30. Rfa1 Rhh8 31. Rxa6 Rxa6 32. Rxa6 Ke6 33. Kf2 Rh1
34. Ra2 Rc1 35. d4 exd4 36. exd4 Rd1 37. dxc5 dxc5 38. Ra6+ Kd7 39. Rf6 Rd2+
40. Kg3 Ke7 41. Rf2 Rxf2 42. Kxf2 Ke6 43. Ke3 Ke5 44. g3 g5 1/2-1/2

[Event "4NCL Division Four"]
[Site "Warwick, ENG"]
[Date "2024.03.10"]
[Round "8.115"]
[White "Shiva, Shrishti"]
[Black "Kocan, Barry A"]
[Result "1-0"]
[WhiteElo "1346"]
[BlackElo "1516"]
[PlyCount "49"]
[EventDate "2024.03.10"]
[WhiteTeam "She Plays To Win Young Stars B"]
[BlackTeam "Oxford 4"]

1. e4 c5 2. Nf3 d6 3. d4 cxd4 4. Nxd4 Nf6 5. Nc3 g6 6. Be3 Bg7 7. Qd2 a6 8. f3
Bd7 9. Bh6 O-O 10. g4 Nc6 11. Nxc6 Bxc6 12. h4 Rc8 13. h5 Qd7 14. Bxg7 Kxg7 15.
hxg6 fxg6 16. Qh6+ Kg8 17. O-O-O e6 18. Bc4 Bxe4 19. Nxe4 Rxc4 20. Rxd6 Qc7 21.
Nxf6+ Rxf6 22. Rd8+ Qxd8 23. Qxh7+ Kf8 24. Qh8+ Ke7 25. Rh7+ 1-0

[Event "4NCL Division Four"]
[Site "Warwick, ENG"]
[Date "2024.03.10"]
[Round "8.116"]
[White "Matilal, Tamal"]
[Black "Van Neerven, Yvon"]
[Result "1/2-1/2"]
[WhiteElo "1322"]
[BlackElo "975"]
[PlyCount "102"]
[EventDate "2024.03.10"]
[WhiteTeam "Oxford 4"]
[BlackTeam "She Plays To Win Young Stars B"]

1. Nf3 d5 2. c4 e6 3. g3 Nf6 4. cxd5 exd5 5. Bg2 Bc5 6. O-O O-O 7. d4 Bb6 8.
Bg5 c6 9. Nbd2 h6 10. Bf4 Bf5 11. Be5 Nbd7 12. Bd6 Re8 13. Nh4 Bh7 14. Nb3 Bc7
15. Bxc7 Qxc7 16. Rc1 Qb6 17. Re1 g5 18. Nf3 Ne4 19. Nfd2 f5 20. Nxe4 dxe4 21.
e3 Rad8 22. Qh5 Kg7 23. Qe2 Rc8 24. Nc5 Nxc5 25. Rxc5 Qd8 26. Bh3 g4 27. Bxg4
fxg4 28. Qxg4+ Bg6 29. h4 Kf7 30. h5 Bh7 31. Rd1 Rg8 32. Qh3 Qf6 33. Re5 Rgd8
34. Rc1 Rb8 35. Rcc5 Rd5 36. Rcxd5 cxd5 37. Qd7+ Kg8 38. Re7 Rf8 39. f4 Qf5 40.
Rg7+ Kh8 41. Qxb7 Rg8 42. Rxg8+ Bxg8 43. Qxa7 Qg4 44. Qe7 Qxg3+ 45. Kf1 Qf3+
46. Kg1 Qg3+ 47. Kh1 Qh3+ 48. Kg1 Qg3+ 49. Kh1 Qf3+ 50. Kg1 Qg3+ 51. Kh1 Qf3+
1/2-1/2

[Event "4NCL Division Four"]
[Site "Warwick, ENG"]
[Date "2024.03.10"]
[Round "8.121"]
[White "Lewis, Stephen"]
[Black "Tenin, Aleksander"]
[Result "0-1"]
[WhiteElo "1893"]
[BlackElo "2050"]
[PlyCount "102"]
[EventDate "2024.03.10"]
[WhiteTeam "Iceni 2"]
[BlackTeam "War and Piece A"]

1. d4 Nf6 2. Nc3 d5 3. Bf4 Bf5 4. f3 e6 5. g4 Bg6 6. h4 h6 7. e3 Bd6 8. Bd3
Bxf4 9. exf4 Bh7 10. Nce2 Qd6 11. c3 Nbd7 12. Nh3 O-O-O 13. Nf2 Nb6 14. Bxh7
Nxh7 15. Nd3 Nf8 16. a4 h5 17. a5 Nbd7 18. g5 f6 19. a6 b6 20. Qa4 Ng6 21. Rc1
e5 22. fxe5 fxe5 23. c4 exd4 24. cxd5 Nge5 25. Ndf4 Nc5 26. Rxc5 Qxc5 27. O-O
d3+ 28. Nd4 b5 29. Nfe6 Qb6 30. Qxb5 Rd6 31. f4 Ng4 32. Qxb6 Rxb6 33. Rd1 Rd6
34. Rxd3 Rxd5 35. Rc3 Rd7 36. Nb5 Kb8 37. Rb3 Rd1+ 38. Kg2 Rd2+ 39. Kg3 Kc8 40.
Nxa7+ Kd7 41. Nc5+ Ke7 42. Nc6+ Kf7 43. a7 Re8 44. Nb8 Ne3 45. f5 Nf1+ 46. Kf3
Nh2+ 47. Kf4 Rf2+ 48. Kg3 Ree2 49. g6+ Kg8 50. a8=Q Nf1+ 51. Kh3 Rh2# 0-1

[Event "4NCL Division Four"]
[Site "Warwick, ENG"]
[Date "2024.03.10"]
[Round "8.122"]
[White "Portman, Carl S"]
[Black "Donaghay, Richard H"]
[Result "0-1"]
[WhiteElo "1916"]
[BlackElo "1805"]
[PlyCount "86"]
[EventDate "2024.03.10"]
[WhiteTeam "War and Piece A"]
[BlackTeam "Iceni 2"]

1. d4 d6 2. c4 e5 3. dxe5 dxe5 4. Qxd8+ Kxd8 5. Nc3 c6 6. Nf3 f6 7. e4 Bb4 8.
Bd2 Bxc3 9. Bxc3 Nh6 10. h3 Be6 11. g4 Nd7 12. O-O-O Nf7 13. Be2 Kc7 14. b3 Nc5
15. Bd3 Nd6 16. Rhe1 h5 17. Bb4 b6 18. Bxc5 bxc5 19. gxh5 Rxh5 20. Rg1 g5 21.
h4 g4 22. Nd2 Rxh4 23. f3 Rg8 24. fxg4 Rhxg4 25. Rxg4 Rxg4 26. Rf1 Rf4 27. Rxf4
exf4 28. Be2 Nf7 29. a3 a5 30. Kc2 Kd6 31. Kd3 Ng5 32. Bh5 Bd7 33. Kc3 f5 34.
exf5 Bxf5 35. Be2 Ne4+ 36. Nxe4+ Bxe4 37. Bf1 Bh1 38. b4 cxb4+ 39. axb4 axb4+
40. Kxb4 c5+ 41. Kc3 f3 42. Kd2 Bg2 43. Ke1 Bxf1 0-1

[Event "4NCL Division Four"]
[Site "Warwick, ENG"]
[Date "2024.03.10"]
[Round "8.123"]
[White "Collicott, Peter J"]
[Black "O'Byrne, Daniel"]
[Result "1/2-1/2"]
[WhiteElo "1604"]
[BlackElo "1730"]
[PlyCount "123"]
[EventDate "2024.03.10"]
[WhiteTeam "Iceni 2"]
[BlackTeam "War and Piece A"]

1. d4 d5 2. Nf3 g6 3. g3 Bg7 4. Bg2 Nf6 5. O-O O-O 6. b3 Nc6 7. Bb2 Bg4 8. Nbd2
Re8 9. Re1 Qd7 10. c4 Rad8 11. Ne5 Nxe5 12. dxe5 Nh5 13. cxd5 c6 14. e6 fxe6
15. Bxg7 Nxg7 16. Nf3 exd5 17. Ne5 Qe6 18. Qd4 c5 19. Qxg4 Qxe5 20. Rad1 b6 21.
e3 e6 22. Qa4 Re7 23. Rd2 Rf8 24. Rde2 Ref7 25. f4 Qd6 26. Qa3 a5 27. Qb2 Nf5
28. Qd2 Rd8 29. Kh1 h5 30. e4 Nd4 31. Re3 Qc6 32. exd5 exd5 33. Rc3 Qd6 34.
Rce3 Kg7 35. Re5 Rf5 36. Re7+ Kh6 37. R7e3 Rdf8 38. Qd1 Nb5 39. Re6 Qd8 40. g4
Rxf4 41. gxh5 R8f6 42. hxg6 d4 43. Qd2 Nc3 44. Rxf6 Qxf6 45. Rf1 Ne2 46. Qxe2
Rxf1+ 47. Qxf1 Qxg6 48. Qf4+ Kg7 49. Qg3 Kf6 50. Qxg6+ Kxg6 51. Be4+ Kg5 52.
Kg2 Kf4 53. Bd3 Ke3 54. Bc4 d3 55. Bxd3 Kxd3 56. h4 b5 57. h5 c4 58. bxc4 bxc4
59. h6 c3 60. h7 c2 61. h8=Q c1=Q 62. Qd8+ 1/2-1/2

[Event "4NCL Division Four"]
[Site "Warwick, ENG"]
[Date "2024.03.10"]
[Round "8.124"]
[White "Wells, Daniel J"]
[Black "Flynn, David"]
[Result "1-0"]
[WhiteElo "2112"]
[BlackElo "1912"]
[PlyCount "63"]
[EventDate "2024.03.10"]
[WhiteTeam "War and Piece A"]
[BlackTeam "Ashfield 2"]

1. e4 c5 2. Nf3 Nc6 3. Bb5 g6 4. Bxc6 dxc6 5. d3 Bg7 6. h3 Nf6 7. Be3 Nxe4 8.
dxe4 Qxd1+ 9. Kxd1 Bxb2 10. c3 b6 11. Kc2 Bxa1 12. Nbd2 Bxc3 13. Kxc3 f6 14. e5
Be6 15. a4 Bd5 16. a5 Kf7 17. Ra1 Kg7 18. g3 Be6 19. h4 Bd5 20. exf6+ exf6 21.
Ne1 Rae8 22. Nd3 Kf7 23. Rb1 c4 24. Nxc4 Bxc4 25. Kxc4 Re4+ 26. Kc3 b5 27. Rb4
Re7 28. Rd4 Rc8 29. Kb4 Rcc7 30. Nc5 Kg7 31. Rd8 Kf7 32. Bf4 1-0

[Event "4NCL Division Four"]
[Site "Warwick, ENG"]
[Date "2024.03.10"]
[Round "8.125"]
[White "Gunarathne, Senith Thenula"]
[Black "Tucker, David S"]
[Result "0-1"]
[WhiteElo "1879"]
[BlackElo "1969"]
[PlyCount "84"]
[EventDate "2024.03.10"]
[WhiteTeam "Ashfield 2"]
[BlackTeam "War and Piece A"]

1. e4 c5 2. Nf3 Nc6 3. d4 cxd4 4. Nxd4 g6 5. Nc3 Bg7 6. Be3 Nf6 7. Bc4 O-O 8.
Bb3 a5 9. O-O a4 10. Nxc6 bxc6 11. Nxa4 Nxe4 12. f3 Nf6 13. Nb6 Rb8 14. Nxc8
Qxc8 15. Re1 Re8 16. Qd3 Qc7 17. Bd4 e5 18. Bf2 d5 19. Qc3 Rbd8 20. Bg3 Nh5 21.
Bh4 Rd7 22. g4 Nf4 23. Bg3 Rde7 24. Qb4 g5 25. Bxf4 exf4 26. Ba4 Rxe1+ 27. Rxe1
Rxe1+ 28. Qxe1 Qa7+ 29. Kg2 Qxa4 30. Qb1 Qb4 31. c3 Bxc3 32. Qf5 Qxb2+ 33. Kh3
Bf6 34. Qd3 Qc3 35. Qe2 Qe3 36. Qg2 d4 37. a4 d3 38. a5 Qe2 39. Qh1 d2 40. a6
d1=Q 41. a7 Qxf3+ 42. Qxf3 Qxf3# 0-1

[Event "4NCL Division Four"]
[Site "Warwick, ENG"]
[Date "2024.03.10"]
[Round "8.126"]
[White "Echavarria Hidalgo, Fernando"]
[Black "Walentowicz, Stefan"]
[Result "1/2-1/2"]
[WhiteElo "1775"]
[BlackElo "1849"]
[PlyCount "43"]
[EventDate "2024.03.10"]
[WhiteTeam "War and Piece A"]
[BlackTeam "Ashfield 2"]

1. e4 e6 2. d4 d5 3. Nd2 Nc6 4. c3 e5 5. exd5 Qxd5 6. dxe5 Nxe5 7. Qe2 Be6 8.
Ngf3 Nxf3+ 9. Nxf3 O-O-O 10. Be3 Kb8 11. Nd4 Nf6 12. Nxe6 Qxe6 13. Rd1 Rxd1+
14. Qxd1 Be7 15. Qa4 a6 16. Bc4 Qe4 17. O-O Ng4 18. Bb3 Qxa4 19. Bxa4 Nxe3 20.
fxe3 f6 21. Rd1 Rd8 22. Rxd8+ 1/2-1/2

[Event "4NCL Division Four"]
[Site "Warwick, ENG"]
[Date "2024.03.10"]
[Round "8.127"]
[White "Truman, Richard G"]
[Black "Wilks, Simon"]
[Result "1/2-1/2"]
[WhiteElo "1970"]
[BlackElo "1956"]
[PlyCount "60"]
[EventDate "2024.03.10"]
[WhiteTeam "Ashfield 2"]
[BlackTeam "Iceni 2"]

1. d4 Nf6 2. c4 e6 3. Nc3 Bb4 4. e3 c5 5. Nge2 d5 6. a3 cxd4 7. exd4 Be7 8. c5
Nc6 9. Bf4 b6 10. b4 bxc5 11. bxc5 O-O 12. Ng3 Qa5 13. Qd2 Nxd4 14. Qxd4 Bxc5
15. Qd2 Bb4 16. axb4 Qxa1+ 17. Qc1 Qxc1+ 18. Bxc1 Bd7 19. Ba6 d4 20. Nce4 Nxe4
21. Nxe4 Bc6 22. f3 Rab8 23. Ba3 Bb5 24. Bxb5 Rxb5 25. Kd2 Rd8 26. Rc1 f6 27.
Rc7 a5 28. Rc5 Rxc5 29. Nxc5 axb4 30. Bxb4 e5 1/2-1/2